000 00691cam a2200229 a 4500
001 000008956
005 20200929161441.0
008 880415s1987 sp 000 f spa
020 _a8420424315
040 _aDO-SdBNP
_cDLC
_dDLC
082 _a863.64
_bG724p
100 1 _aGoytisolo, Luis,
_d1935-
_923064
245 1 3 _aLa paradoja del ave migratoria /
_cLuis Goytisolo.
260 _aMadrid :
_bAlfaguara,
_c1987.
300 _a173 p. ;
_c20 cm.
490 1 _aLiteratura Alfaguara
_v217
650 4 _aNovela española
_91123
650 4 _aLiteratura española
_ySIGLO XX
_93326
830 1 _aLiteratura Alfaguara ;
_v217.
_913319
910 _aCatalogación por copia / LC
049 _aBNGR
999 _c8720
_d8720